000 01038nam a22002537a 4500
003 CO-ViMGA
008 151218b xxu||||| |||| 00| 0 eng d
020 _a9789583042546
040 _aCO-ViMGA
_bspa
_cCO-ViMGA
082 0 4 _a025.216
_bC656
100 1 _aRodríguez Santa María, Gloria María
_92177
245 1 0 _aPautas para el descarte de materiales bibliográficos / Manual de integración de materiales bibliográficos / Guía para organizar los espacios y recursos /
_cGloria María Rodríguez Santa María
250 _aEditor,
_bMireya Fonseca
260 _aBogotá :
_bPanamericana Editorial,
_c2013.
300 _a256 p. :
_b22 cm.
490 _aBibliotecas vivas ;
_v2
504 _aIncluye bibliografía
650 1 4 _aDescarte de libros -
_vManuales
_92178
650 1 4 _aEvaluación de colecciones bibliográficas -
_vBibliotecas
_92179
700 1 _aEstrada de Espinel, Marta
_92182
700 1 _aHernández Hernández, Ángela Eliana ; y
_92181
700 1 _aPérez Ciuffetelli, Lina María ;
_92180
942 _2ddc
_cBK
999 _c9509
_d9509